Short n' Sweet Lyrics Quiz (Sabrina Carpenter) - Statistics

General Stats
  • This quiz has been taken 202 times
  • The average score is 11 of 17
Answer Stats
Lyrics Song % Correct
Too bad your ex don't do it for ya Espresso
88%
Give me more than just some butterflies Juno
85%
And what are the odds? You send me a text Bed Chem
82%
And we could live so happily if no one knows that you're with me Please Please Please
82%
Yeah, I know I've been known to share Taste
81%
Now she's in the same damn city on the same damn night Coincidence
75%
And since the Lord forgot my gay awakening Slim Pickins
74%
We love to mistake butterflies for cardiac arrest Lie to Girls
73%
Baby, you say you really like it being mine Good Graces
69%
Tantric yoga, baby, namaste Busy Woman
68%
Try to come off like you're soft and well-spoken Dumb & Poetic
65%
I'm lookin' for an answer in-between the lines Sharpest Tool
63%
Take my phone and lose your number Don't Smile
58%
It's fleeting like my battery life 15 Minutes
54%
If I close an eye, it's almost like your red flags are blue Bad Reviews
49%
Heard they say this emotion should be kind Couldn't Make It Any Harder
42%
A pretty dress, an awkward angle Needless To Say
25%
No matching quizzes found
Score Distribution
Percent of People with Each Score
Percentile by Number Answered
Your Score History
You have not taken this quiz